000 00863nam a2200193Ia 4500
003 GCL
008 140319s9999 xx 000 0 ara d
040 _aGCL /
_cGCL
082 0 4 _aم
_b414
_bز ا
100 1 _aالزمخشرى: جارالله ابوالقاسم محمود بن عمر بن محمد بن احمد الخورازمى
245 1 0 _aاساس البلاغة :
_b(الجزء الاول والثانى) /
_cالزمخشرى: جارالله ابوالقاسم محمود بن عمر بن محمد بن احمد الخورازمى
260 _aالقاهرة :
_bالهيئة المصرية العامة للكتاب ،
_c1985
300 _a2 جزء ؛
_c24 سم
490 _aفنون الادب العربى
_v0
650 0 4 _aاللغة العربية
650 0 4 _aالبلاغة العربية
650 0 4 _aالمعاجم
942 _2ddc
_cREF
999 _c59514
_d59514